The Information and Consultation of Employees Regulations 2004 (Record no. 75037)
[ view plain ]
| 000 -LEADER | |
|---|---|
| fixed length control field | 01060cab a2200205 4500 |
| 001 - CONTROL NUMBER | |
| control field | L129268 |
| 008 - FIXED-LENGTH DATA ELEMENTS--GENERAL INFORMATION | |
| fixed length control field | 050406n2005 000 0 eng u |
| 035 ## - SYSTEM CONTROL NUMBER | |
| System control number | (Sirsi) u129268 |
| 041 ## - LANGUAGE CODE | |
| Language code of text/sound track or separate title | eng |
| 100 ## - MAIN ENTRY--PERSONAL NAME | |
| Personal name | Christie, David |
| 245 #4 - TITLE STATEMENT | |
| Title | The Information and Consultation of Employees Regulations 2004 |
| 260 ## - PUBLICATION, DISTRIBUTION, ETC. | |
| Date of publication, distribution, etc. | 2005 |
| 490 ## - SERIES STATEMENT | |
| Series statement | Scots Law Times |
| Volume/sequential designation | (7) 4 March 2005, 43(1) |
| 520 ## - SUMMARY, ETC. | |
| Summary, etc. | Gives details about the Information and Consultation of Employees Regulations 2004 which will be phased in initially for UK firms with 150 or more employees. It will give employees new rights to be informed and consulted on an ongoing basis about management decisions which affect them. The legislation is a change to the UK's traditional usual approach to employee consultation as it envisages discussions taking place on a more regular basis than is currently the case. |
| 590 ## - LOCAL NOTE (RLIN) | |
| Local note | IKA150405 |
| 650 ## - SUBJECT ADDED ENTRY--TOPICAL TERM | |
| Topical term or geographic name entry element | INFORMATION AND CONSULTATION OF EMPLOYEES REGULATIONS 2004 |
| 650 ## - SUBJECT ADDED ENTRY--TOPICAL TERM | |
| Topical term or geographic name entry element | DIRECTIVE 2002/14/EC |
| 690 ## - LOCAL SUBJECT ADDED ENTRY--TOPICAL TERM (OCLC, RLIN) | |
| Topical term or geographic name as entry element | MANAGEMENT-BUSINESS MANAGEMENT |
| 942 ## - ADDED ENTRY ELEMENTS (KOHA) | |
| Suppress in OPAC | 0 |
| Withdrawn status | Lost status | Source of classification or shelving scheme | Damaged status | Not for loan | Home library | Current library | Shelving location | Date acquired | Total Checkouts | Full call number | Barcode | Date last seen | Copy number | Price effective from | Koha item type |
|---|---|---|---|---|---|---|---|---|---|---|---|---|---|---|---|
| Dewey Decimal Classification | London | London | Journal article | 06/04/2005 | L129268 | 129268-1001 | 06/08/2019 | 1 | 06/08/2019 | Journal article |